[Event "Pardubice Open A"]
[Site "?"]
[Date "2015.07.24"]
[Round "1.1"]
[White "LAZNICKA, Viktor"]
[Black "KUBIK, Michael"]
[Result "1-0"]
[WhiteElo "2657"]
[BlackElo "2275"]
[PlyCount "67"]
[EventDate "2015.??.??"]
[WhiteClock "0:09:53"]
[BlackClock "0:00:35"]

1. d4 f5 2. g3 Nf6 3. Bg2 g6 4. Nf3 Bg7 5. O-O O-O 6. c4 d6 7. Nc3 Qe8 8. d5
Na6 9. Be3 Bd7 10. Rc1 c6 11. Qb3 c5 12. Bf4 Rb8 13. a4 Nb4 14. Ra1 h6 15. Bd2
Qf7 16. Nb5 a6 17. Nbd4 Nbxd5 18. cxd5 cxd4 19. Nxd4 Ne4 20. Bxe4 fxe4 21. Ne6
Bxe6 22. dxe6 Qf5 23. Be3 b5 24. a5 Rbc8 25. Rac1 Rxc1 26. Rxc1 d5 27. Qb4 Qxe6
28. Rc7 Rf7 29. Qc5 Qe5 30. Rd7 Rf5 31. g4 Rf8 32. Rxe7 Qxb2 33. Qxd5+ Kh8 34.
Rxg7 1-0

[Event "Pardubice Open A"]
[Site "?"]
[Date "2015.07.24"]
[Round "1.2"]
[White "WARAKOMSKA, Anna"]
[Black "MOVSESIAN, Sergei"]
[Result "0-1"]
[WhiteElo "2274"]
[BlackElo "2653"]
[PlyCount "84"]
[EventDate "2015.??.??"]
[WhiteClock "0:02:42"]
[BlackClock "0:27:11"]

1. e4 c5 2. Nf3 Nc6 3. Bb5 d6 4. d4 cxd4 5. Qxd4 Bd7 6. Qd3 g6 7. c4 Bg7 8. Nc3
Nf6 9. O-O O-O 10. h3 a6 11. Bxc6 Bxc6 12. Be3 Rc8 13. Nd4 Nd7 14. Rac1 Qa5 15.
Rfd1 Rfe8 16. Qb1 Qh5 17. Nde2 Qh4 18. Nf4 Be5 19. Nfd5 e6 20. Nb4 Nf6 21. f3
Nh5 22. Ne2 Ng3 23. Nxg3 Qxg3 24. b3 f5 25. Nxc6 bxc6 26. Qc2 c5 27. Bf2 Qh2+
28. Kf1 Rf8 29. Bg1 Qf4 30. Re1 Rc7 31. Qd3 Rcf7 32. Rc2 Qg3 33. Rce2 fxe4 34.
Qxe4 Rf4 35. Qc6 h5 36. Bf2 Rxf3 37. gxf3 Qxh3+ 38. Kg1 Bh2+ 39. Kh1 Bg3+ 40.
Kg1 Qh2+ 41. Kf1 Qh1+ 42. Bg1 Rxf3+ 0-1

[Event "Pardubice Open A"]
[Site "?"]
[Date "2015.07.24"]
[Round "1.3"]
[White "KONONENKO, Dmitry"]
[Black "SHEVCHENKO, Kirill"]
[Result "1-0"]
[WhiteElo "2617"]
[BlackElo "2270"]
[PlyCount "97"]
[EventDate "2015.??.??"]
[WhiteClock "0:01:44"]
[BlackClock "0:01:10"]

1. e4 c5 2. Nf3 d6 3. d4 cxd4 4. Nxd4 Nf6 5. Nc3 a6 6. Be3 e5 7. Nb3 Be6 8. h3
Be7 9. Qf3 O-O 10. O-O-O a5 11. Nc5 Nc6 12. g4 Qc8 13. N5a4 Nd7 14. Bb5 Rb8 15.
a3 Qc7 16. Nd5 Bxd5 17. exd5 Nd4 18. Bxd4 exd4 19. Rxd4 Bf6 20. Re4 Nc5 21. Rc4
Qe7 22. Nxc5 dxc5 23. Re4 Qd6 24. Rd1 Rbc8 25. c3 Bg5+ 26. Kc2 g6 27. Qg3 Be7
28. Qe3 Rc7 29. f4 Rd8 30. g5 Bf8 31. h4 Re7 32. Re5 h5 33. gxh6 f6 34. Rxe7
Qxe7 35. Qg3 Kh7 36. Bd3 f5 37. h5 Qf6 38. hxg6+ Qxg6 39. Qxg6+ Kxg6 40. Rg1+
Kxh6 41. Bxf5 Rxd5 42. Be4 Rd6 43. Rh1+ Kg7 44. Rh7+ Kf6 45. Rxb7 Bh6 46. Rb5
c4 47. Rxa5 Re6 48. Bd5 Re2+ 49. Kb1 1-0

[Event "Pardubice Open A"]
[Site "?"]
[Date "2015.07.24"]
[Round "1.4"]
[White "VYBIRAL, Zdenek"]
[Black "PIORUN, Kacper"]
[Result "0-1"]
[WhiteElo "2267"]
[BlackElo "2591"]
[PlyCount "62"]
[EventDate "2015.??.??"]
[WhiteClock "0:01:19"]
[BlackClock "0:41:35"]

1. e4 c5 2. Nf3 e6 3. d3 d5 4. Nbd2 Nc6 5. g3 Bd6 6. Bg2 Nge7 7. O-O O-O 8. Re1
Qc7 9. Nh4 Bd7 10. f4 f6 11. Ndf3 b5 12. Qe2 dxe4 13. dxe4 e5 14. f5 Nd4 15.
Qf2 g5 16. fxg6 hxg6 17. c3 Ne6 18. Bh3 c4 19. Be3 Ng5 20. Bxd7 Qxd7 21. Qg2
Qg4 22. Rad1 Bc7 23. Nxg5 fxg5 24. h3 Qh5 25. Rd7 Bd8 26. Bc5 gxh4 27. g4 Qg5
28. Red1 Bb6 29. Bxb6 axb6 30. Qd2 Qxd2 31. R1xd2 Rf7 0-1

[Event "Pardubice Open A"]
[Site "?"]
[Date "2015.07.24"]
[Round "1.5"]
[White "VOROBIOV, Evgeny E"]
[Black "AGEICHENKO, Genadi A"]
[Result "1-0"]
[WhiteElo "2582"]
[BlackElo "2265"]
[PlyCount "99"]
[EventDate "2015.??.??"]
[WhiteClock "0:35:39"]
[BlackClock "0:29:27"]

1. d4 d5 2. c4 c6 3. Nf3 Nf6 4. e3 Bf5 5. Nc3 e6 6. Nh4 Bg6 7. Nxg6 hxg6 8. Bd2
Nbd7 9. g3 Be7 10. b3 e5 11. Bg2 e4 12. O-O Nb6 13. a4 a5 14. cxd5 cxd5 15. Nb5
O-O 16. Rc1 Ne8 17. Qe2 Nd7 18. Rc2 Nb8 19. f3 Nf6 20. fxe4 dxe4 21. Nc3 Qc8
22. Qc4 Qg4 23. Rf4 Qh5 24. Nxe4 Nbd7 25. Bf3 Qh6 26. Nxf6+ Bxf6 27. Qb5 g5 28.
Rf5 Rad8 29. Rd5 Qg6 30. Rc1 g4 31. Be2 Nb6 32. Rxd8 Bxd8 33. Bd3 Qh6 34. Rc5
g6 35. Re5 Nc8 36. Qd7 Bf6 37. Re8 Nb6 38. Rxf8+ Qxf8 39. Qxg4 Nd5 40. Bc4 Qd8
41. Qf3 Nb4 42. Bxb4 axb4 43. Qxb7 Qe8 44. Kf2 Bg5 45. Qf3 Kg7 46. h4 Bd8 47.
Qb7 g5 48. h5 g4 49. Qd5 Qe7 50. Qf5 1-0

[Event "Pardubice Open A"]
[Site "?"]
[Date "2015.07.24"]
[Round "1.6"]
[White "PULPAN, Jakub"]
[Black "SCHLOSSER, Philipp"]
[Result "0-1"]
[WhiteElo "2263"]
[BlackElo "2579"]
[PlyCount "62"]
[EventDate "2015.??.??"]
[WhiteClock "0:05:27"]
[BlackClock "0:06:33"]

1. e4 e5 2. Nf3 Nc6 3. Bb5 a6 4. Ba4 Nf6 5. O-O Be7 6. Re1 b5 7. Bb3 d6 8. c3
O-O 9. h3 Na5 10. Bc2 c5 11. d4 Qc7 12. Nbd2 Be6 13. d5 Bd7 14. b3 c4 15. Ba3
Rfe8 16. bxc4 Nxc4 17. Nxc4 Qxc4 18. Re3 Bf8 19. Bb3 Qc7 20. c4 bxc4 21. Rc1
Qa5 22. Bxc4 Nxe4 23. Rxe4 Qxa3 24. Bb3 Rec8 25. Rc6 Bxc6 26. dxc6 Rxc6 27. Kh2
Qc1 28. Bxf7+ Kh8 29. Qa4 Rc7 30. Rh4 Rxf7 31. Qe4 g5 0-1

[Event "Pardubice Open A"]
[Site "?"]
[Date "2015.07.24"]
[Round "1.7"]
[White "LINTCHEVSKI, Daniil"]
[Black "MARTIN, Julian"]
[Result "1-0"]
[WhiteElo "2574"]
[BlackElo "2261"]
[PlyCount "73"]
[EventDate "2015.??.??"]
[WhiteClock "1:19:28"]
[BlackClock "0:23:58"]

1. e4 c5 2. Nf3 Nc6 3. d4 cxd4 4. Nxd4 e5 5. Nb5 d6 6. N1c3 a6 7. Na3 b5 8. Nd5
Nge7 9. c4 Nxd5 10. exd5 Nd4 11. cxb5 Be7 12. Bd3 O-O 13. O-O Bf6 14. bxa6 Bxa6
15. Bxa6 Rxa6 16. Be3 Ra5 17. Bxd4 Rxd5 18. Nc2 Qa8 19. Qf3 exd4 20. Nb4 Ra5
21. Qxa8 Rfxa8 22. a3 Rc5 23. Nd3 Rc2 24. Rac1 Rac8 25. Rxc2 Rxc2 26. Rc1 Rxc1+
27. Nxc1 Kf8 28. Kf1 Ke7 29. Ke2 Ke6 30. Kd3 Kd5 31. b4 h5 32. Nb3 g5 33. b5
Be5 34. a4 Ke6 35. a5 Kd7 36. h3 g4 37. Nxd4 1-0

[Event "Pardubice Open A"]
[Site "?"]
[Date "2015.07.24"]
[Round "1.8"]
[White "BILCHINSKI, Anton"]
[Black "STOCEK, Jiri"]
[Result "0-1"]
[WhiteElo "2256"]
[BlackElo "2573"]
[PlyCount "102"]
[EventDate "2015.??.??"]
[WhiteClock "0:16:01"]
[BlackClock "0:06:13"]

1. d4 Nf6 2. c4 e6 3. Nc3 Bb4 4. e3 b6 5. Nge2 Ba6 6. a3 Bxc3+ 7. Nxc3 d5 8. b3
O-O 9. Be2 Re8 10. O-O Nc6 11. cxd5 Bxe2 12. Nxe2 exd5 13. a4 Ne7 14. Ba3 Ng6
15. Nc1 Qd7 16. Nd3 Rac8 17. Rc1 h6 18. Rc2 a5 19. Qe2 Ne4 20. Rfc1 Re6 21. Qg4
Qd8 22. f4 Nf6 23. Qh3 Re4 24. f5 Nf8 25. Nf2 Re8 26. Qg3 N8d7 27. Bd6 c5 28.
h3 Rc6 29. Bf4 Qe7 30. Qf3 Ne4 31. Nd3 Rcc8 32. Qe2 Qf6 33. g4 Rcd8 34. Ne5
Nxe5 35. dxe5 Qh4 36. Kg2 Qe7 37. Rd1 Qb7 38. Qf3 b5 39. Qe2 bxa4 40. bxa4 c4
41. Rd4 Qc6 42. Rxe4 dxe4 43. Rxc4 Qd5 44. Qc2 Qd3 45. Kg3 Rxe5 46. Rc3 Qxc2
47. Rxc2 Red5 48. Bc7 Rc8 49. Rc3 Rd3 50. Rxd3 exd3 51. Bxa5 Rc2 0-1

[Event "Pardubice Open A"]
[Site "?"]
[Date "2015.07.24"]
[Round "1.9"]
[White "BURMAKIN, Vladimir"]
[Black "FELDTMANN, Thomas"]
[Result "1-0"]
[WhiteElo "2571"]
[BlackElo "2255"]
[PlyCount "79"]
[EventDate "2015.??.??"]
[WhiteClock "0:26:07"]
[BlackClock "0:01:17"]

1. Nf3 Nf6 2. c4 b6 3. g3 Bb7 4. d4 e6 5. Bg2 Na6 6. Nc3 Be7 7. O-O O-O 8. b3
c6 9. Bb2 d5 10. Ne5 Qb8 11. e4 Rd8 12. exd5 cxd5 13. cxd5 Nxd5 14. Nxd5 exd5
15. Qh5 g6 16. Qf3 f6 17. Nd3 Qd6 18. a4 Rf8 19. Rfe1 Rae8 20. Nf4 Nc7 21. Re3
Qd8 22. h4 Bd6 23. Bc1 Re4 24. Bb2 Bxf4 25. Rxe4 dxe4 26. Qxf4 Re8 27. Re1 Nd5
28. Qd2 f5 29. Bf1 Kg7 30. Bc4 f4 31. Qe2 e3 32. Qf3 exf2+ 33. Qxf2 fxg3 34.
Qxg3 Rxe1+ 35. Qxe1 Qf6 36. Qe5 Qxe5 37. dxe5 Ne3 38. e6+ Kf8 39. Ba3+ Kg7 40.
Bb5 1-0

[Event "Pardubice Open A"]
[Site "?"]
[Date "2015.07.24"]
[Round "1.10"]
[White "KALI, Omer"]
[Black "JAKUBOWSKI, Krzysztof"]
[Result "0-1"]
[WhiteElo "2255"]
[BlackElo "2565"]
[PlyCount "88"]
[EventDate "2015.??.??"]
[WhiteClock "0:29:35"]
[BlackClock "0:32:52"]

1. e4 c5 2. Nf3 e6 3. d4 cxd4 4. Nxd4 Nf6 5. Nc3 d6 6. Be3 a6 7. a4 b6 8. g4
Bb7 9. Bg2 d5 10. g5 Nxe4 11. Nxe4 dxe4 12. Qg4 Qd5 13. O-O Nd7 14. f4 Bc5 15.
Rad1 O-O 16. Qe2 Rad8 17. c3 e5 18. Nf5 Qb3 19. Nd6 Bxd6 20. Rxd6 exf4 21. Rxf4
Ne5 22. Rxb6 Nf3+ 23. Kf2 Qd5 24. c4 Qd7 25. h4 Qc7 26. c5 Nd4 27. Qc4 Ne6 28.
Rxe6 fxe6 29. Qxe6+ Kh8 30. Rxf8+ Rxf8+ 31. Kg1 Qg3 32. Bd4 Qe1+ 33. Kh2 Qxh4+
34. Kg1 Qe1+ 35. Kh2 Qh4+ 36. Kg1 Qxg5 37. Qd6 Qc1+ 38. Kh2 Qf4+ 39. Qxf4 Rxf4
40. Be3 Rf8 41. Kg1 Bc6 42. Bf1 Rb8 43. Bd4 Rb4 44. Bc3 Rxa4 0-1

[Event "Pardubice Open A"]
[Site "?"]
[Date "2015.07.24"]
[Round "1.11"]
[White "MOZHAROV, Mikhail"]
[Black "OTT, Florian"]
[Result "1-0"]
[WhiteElo "2564"]
[BlackElo "2254"]
[PlyCount "101"]
[EventDate "2015.??.??"]
[WhiteClock "1:21:32"]
[BlackClock "0:17:27"]

1. e4 c5 2. Nf3 d6 3. d4 cxd4 4. Nxd4 Nf6 5. Nc3 a6 6. h3 e5 7. Nf3 h6 8. Bc4
Qc7 9. Bb3 Be7 10. O-O O-O 11. Nh4 Nc6 12. Ng6 Re8 13. Nxe7+ Rxe7 14. Be3 Na5
15. Nd5 Nxd5 16. Bxd5 Be6 17. b3 Rc8 18. c4 Nc6 19. Qd2 Nb8 20. Rac1 Nd7 21.
Rfd1 Ree8 22. c5 Bxd5 23. Qxd5 Nf6 24. Qxd6 Nxe4 25. Qxc7 Rxc7 26. f3 Ng3 27.
Rc2 Nf5 28. Bf2 e4 29. g4 e3 30. Be1 Ne7 31. Bg3 Rc6 32. Kf1 g5 33. Rd7 b6 34.
b4 Ng6 35. Ke2 bxc5 36. bxc5 Nf4+ 37. Bxf4 gxf4 38. Rd4 Re5 39. Rxf4 Rexc5 40.
Rxc5 Rxc5 41. Rf6 Rc2+ 42. Kxe3 Rxa2 43. Rxh6 a5 44. Kf4 a4 45. Ra6 a3 46. Kg5
Ra1 47. h4 a2 48. f4 Kg7 49. f5 Kh7 50. Ra7 Kg7 51. f6+ 1-0

[Event "Pardubice Open A"]
[Site "?"]
[Date "2015.07.24"]
[Round "1.12"]
[White "OKUN, Evgeny"]
[Black "BABULA, Vlastimil"]
[Result "1/2-1/2"]
[WhiteElo "2252"]
[BlackElo "2559"]
[PlyCount "52"]
[EventDate "2015.??.??"]
[WhiteClock "0:15:31"]
[BlackClock "0:11:08"]

1. e4 c5 2. Nf3 Nc6 3. Nc3 d6 4. d4 cxd4 5. Nxd4 e6 6. g3 a6 7. Bg2 Qc7 8. O-O
Nf6 9. h3 Be7 10. a4 O-O 11. Nde2 Rb8 12. Be3 b5 13. axb5 axb5 14. Nd4 Nxd4 15.
Qxd4 b4 16. Ra7 Rb7 17. Nb5 Qd7 18. c4 bxc3 19. Nxc3 e5 20. Rxb7 Bxb7 21. Qb6
h6 22. Ra1 Ra8 23. Rxa8+ Bxa8 24. Qb8+ Qd8 25. Qxd8+ Bxd8 26. b4 Kf8 1/2-1/2

[Event "Pardubice Open A"]
[Site "?"]
[Date "2015.07.24"]
[Round "1.13"]
[White "STUPAK, Kirill"]
[Black "PASZEWSKI, Mateusz"]
[Result "1-0"]
[WhiteElo "2547"]
[BlackElo "2252"]
[PlyCount "65"]
[EventDate "2015.??.??"]
[WhiteClock "1:00:09"]
[BlackClock "0:00:56"]

1. d4 d5 2. Nf3 c6 3. g3 Nf6 4. Bg2 Bf5 5. O-O h6 6. c4 e6 7. Nc3 Nbd7 8. Qb3
Qb6 9. c5 Qc7 10. Bf4 Qc8 11. Nd2 Be7 12. e4 dxe4 13. Nc4 Nd5 14. Nd6+ Bxd6 15.
Bxd6 N7f6 16. Rae1 Kd7 17. f3 e3 18. g4 Bh7 19. Nd1 b5 20. Nxe3 g5 21. f4 gxf4
22. Bxf4 Bg6 23. Nxd5 Nxd5 24. Be5 Rg8 25. h4 h5 26. g5 Ne7 27. Bh3 Qe8 28. Bd6
Nd5 29. Bg2 a6 30. a4 Ne7 31. Rf6 Qd8 32. Rfxe6 Nd5 33. Bxd5 1-0

[Event "Pardubice Open A"]
[Site "?"]
[Date "2015.07.24"]
[Round "1.14"]
[White "FUCHS, Florian"]
[Black "BORUCHOVSKY, Avital"]
[Result "0-1"]
[WhiteElo "2250"]
[BlackElo "2539"]
[PlyCount "56"]
[EventDate "2015.??.??"]
[WhiteClock "0:00:53"]
[BlackClock "0:02:27"]

1. e4 e5 2. Nf3 Nc6 3. Bb5 a6 4. Ba4 Nf6 5. O-O b5 6. Bb3 Bb7 7. d3 Be7 8. Nc3
O-O 9. a3 Nd4 10. Nxe5 Nxb3 11. cxb3 d5 12. exd5 Nxd5 13. d4 b4 14. Na4 Re8 15.
Re1 a5 16. Qc2 bxa3 17. bxa3 Nb6 18. Nc5 Qxd4 19. Be3 Qxe5 20. Nxb7 Bf8 21.
Red1 Nd5 22. Bd4 Qh5 23. Qc4 Re6 24. Bxg7 Nb6 25. Qxc7 Bxg7 26. Rd8+ Re8 27.
Rad1 Be5 28. Qc6 Bxh2+ 0-1

[Event "Pardubice Open A"]
[Site "?"]
[Date "2015.07.24"]
[Round "1.15"]
[White "PREDKE, Alexandr"]
[Black "SMID, Miroslav"]
[Result "1-0"]
[WhiteElo "2537"]
[BlackElo "2250"]
[PlyCount "43"]
[EventDate "2015.??.??"]
[WhiteClock "0:23:30"]
[BlackClock "0:22:10"]

1. e4 d5 2. exd5 Qxd5 3. Nc3 Qa5 4. Bc4 Nf6 5. Nge2 c6 6. O-O Bf5 7. d3 Nbd7 8.
Bd2 e6 9. Ng3 Bg6 10. Nce4 Qc7 11. f4 O-O-O 12. Qe2 Bxe4 13. Nxe4 Nxe4 14. dxe4
Bc5+ 15. Kh1 Nf6 16. b4 Bb6 17. e5 Nd5 18. Rab1 g6 19. a4 a5 20. bxa5 Bxa5 21.
Ba6 Bb6 22. c4 1-0

[Event "Pardubice Open A"]
[Site "?"]
[Date "2015.07.24"]
[Round "1.16"]
[White "KULON, Klaudia"]
[Black "PAP, Gyula"]
[Result "0-1"]
[WhiteElo "2240"]
[BlackElo "2536"]
[PlyCount "56"]
[EventDate "2015.??.??"]
[WhiteClock "0:16:40"]
[BlackClock "0:02:30"]

1. c4 b6 2. Nf3 Bb7 3. g3 g6 4. Bg2 Bg7 5. Nc3 Nf6 6. O-O O-O 7. Re1 c5 8. e4
Nc6 9. e5 Ne8 10. d3 Nc7 11. a3 Rb8 12. Rb1 d6 13. Bf4 dxe5 14. Nxe5 Nd4 15.
Qa4 Bxg2 16. Kxg2 g5 17. Bd2 Qd6 18. f4 gxf4 19. gxf4 f6 20. Ng4 Nde6 21. Nd5
b5 22. Qxa7 Nxd5 23. cxd5 Qxd5+ 24. Kg1 Rb7 25. Qa6 Nd4 26. Ne3 Qd7 27. Red1
Rfb8 28. Qa5 Ra7 0-1

[Event "Pardubice Open A"]
[Site "?"]
[Date "2015.07.24"]
[Round "1.17"]
[White "CHERNYSHOV, Konstantin"]
[Black "BARTOS, Jan"]
[Result "1-0"]
[WhiteElo "2529"]
[BlackElo "2240"]
[PlyCount "49"]
[EventDate "2015.??.??"]
[WhiteClock "1:01:40"]
[BlackClock "1:02:43"]

1. d4 Nf6 2. Bg5 d5 3. e3 e6 4. Nd2 h6 5. Bh4 Be7 6. c3 b6 7. Bd3 Bb7 8. Qe2 c5
9. f4 Nc6 10. Ngf3 Ne4 11. Bxe7 Nxe7 12. Bb5+ Bc6 13. Ne5 Rc8 14. Nxe4 dxe4 15.
O-O-O O-O 16. dxc5 Qc7 17. Bxc6 Nxc6 18. Rd7 Nxe5 19. Rxc7 Nd3+ 20. Qxd3 exd3
21. Rxc8 Rxc8 22. cxb6 axb6 23. Kd2 Rd8 24. e4 g5 25. Rf1 1-0

[Event "Pardubice Open A"]
[Site "?"]
[Date "2015.07.24"]
[Round "1.18"]
[White "FURMAN, Boris"]
[Black "KRYAKVIN, Dmitry"]
[Result "0-1"]
[WhiteElo "2239"]
[BlackElo "2529"]
[PlyCount "64"]
[EventDate "2015.??.??"]
[WhiteClock "0:21:02"]
[BlackClock "0:34:14"]

1. d4 g6 2. c4 Bg7 3. Nc3 d6 4. Nf3 Nf6 5. Bg5 h6 6. Bh4 O-O 7. e3 c5 8. d5 e6
9. Be2 exd5 10. cxd5 a6 11. a4 Re8 12. Nd2 Nbd7 13. O-O Rb8 14. h3 g5 15. Bg3
Ne5 16. f4 gxf4 17. exf4 Ng6 18. Bd3 Ne7 19. Qf3 Nf5 20. Bxf5 Bxf5 21. Bh4 Qd7
22. Rfe1 b5 23. axb5 axb5 24. Bxf6 Bxf6 25. g4 Bc2 26. Rac1 Rxe1+ 27. Rxe1 Re8
28. Rxe8+ Qxe8 29. Nce4 Bxb2 30. Nxd6 Qe1+ 31. Nf1 Bd4+ 32. Kg2 Bd1 0-1

[Event "Pardubice Open A"]
[Site "?"]
[Date "2015.07.24"]
[Round "1.19"]
[White "GHOSH, Diptayan"]
[Black "HANSCH, Karsten"]
[Result "1-0"]
[WhiteElo "2523"]
[BlackElo "2239"]
[PlyCount "59"]
[EventDate "2015.??.??"]
[WhiteClock "0:19:29"]
[BlackClock "0:23:57"]

1. d4 Nf6 2. c4 c5 3. d5 b5 4. cxb5 a6 5. b6 e6 6. Nc3 Qxb6 7. e4 exd5 8. exd5
d6 9. Nf3 Be7 10. Nd2 Bf5 11. Nc4 Qc7 12. Be2 O-O 13. g4 Bg6 14. h4 Qb7 15. h5
Be4 16. O-O h6 17. f4 Bh7 18. g5 Ne8 19. gxh6 Bf6 20. Bd3 Bxd3 21. Qxd3 gxh6
22. Ne4 Qd7 23. f5 Kh7 24. Nb6 Rg8+ 25. Kh1 Qe7 26. Nxa8 c4 27. Qf3 Bxb2 28. f6
Bxf6 29. Nxf6+ Nxf6 30. Qf5+ 1-0

[Event "Pardubice Open A"]
[Site "?"]
[Date "2015.07.24"]
[Round "1.20"]
[White "ZAKSAITE, Salomeja"]
[Black "POPILSKI, Gil"]
[Result "0-1"]
[WhiteElo "2237"]
[BlackElo "2519"]
[PlyCount "110"]
[EventDate "2015.??.??"]
[WhiteClock "0:00:37"]
[BlackClock "0:27:25"]

1. e4 d6 2. d4 g6 3. f4 Bg7 4. Nf3 c5 5. d5 a6 6. a4 e6 7. dxe6 Bxe6 8. Ng5 Nf6
9. Nc3 Bg4 10. Be2 Bxe2 11. Qxe2 O-O 12. O-O Nc6 13. Kh1 Qe7 14. Bd2 Nb4 15.
Rac1 Rfe8 16. Rfe1 Qd7 17. Qc4 Re7 18. e5 dxe5 19. Qxc5 Rae8 20. Nce4 Nxe4 21.
Nxe4 Na2 22. Rcd1 exf4 23. Qc4 b5 24. axb5 axb5 25. Qd3 Qc6 26. Nc3 Nxc3 27.
bxc3 Rxe1+ 28. Rxe1 Rxe1+ 29. Bxe1 Be5 30. h3 h6 31. Bd2 Kg7 32. Kg1 g5 33. Kf1
Qc4 34. Ke2 Bc7 35. Kf3 f5 36. Qd7+ Kf6 37. Qd3 Ke6 38. Ke2 Bb6 39. Kf1 Qc5 40.
Qf3 Qc4+ 41. Qd3 Be3 42. Be1 h5 43. Ke2 Qe4 44. Kf1 f3 45. g3 Qc4 46. Bf2 Qxd3+
47. cxd3 Bxf2 48. Kxf2 g4 49. Ke3 Ke5 50. h4 Kd5 51. Kd2 Kc5 52. Ke3 b4 53. d4+
Kc4 54. cxb4 Kxb4 55. Kd3 Kb5 0-1

[Event "Pardubice Open A"]
[Site "?"]
[Date "2015.07.24"]
[Round "1.21"]
[White "CVEK, Robert"]
[Black "BASHIRLI, Nail"]
[Result "1-0"]
[WhiteElo "2517"]
[BlackElo "2235"]
[PlyCount "69"]
[EventDate "2015.??.??"]
[WhiteClock "0:15:33"]
[BlackClock "0:01:10"]

1. c4 c5 2. Nf3 b6 3. g3 Bb7 4. Bg2 g6 5. O-O Bg7 6. Nc3 Nf6 7. b3 O-O 8. Bb2
d5 9. Nxd5 Nxd5 10. Bxg7 Kxg7 11. cxd5 Qxd5 12. d4 cxd4 13. Qxd4+ Qxd4 14. Nxd4
Bxg2 15. Kxg2 Rc8 16. Rac1 Na6 17. a3 Nc5 18. b4 Ne4 19. Nb5 Rd8 20. Rc7 Nd2
21. Rfc1 a6 22. Na7 e5 23. R1c6 Nb1 24. Rxb6 Nxa3 25. Rbb7 Rf8 26. Nc6 Nc4 27.
Re7 Rae8 28. Rxe8 Rxe8 29. Ra7 e4 30. Rxa6 Re6 31. b5 Rd6 32. Ra4 Nd2 33. Rb4
e3 34. f3 Rd7 35. b6 1-0

[Event "Pardubice Open A"]
[Site "?"]
[Date "2015.07.24"]
[Round "1.22"]
[White "MEJAK, Severin"]
[Black "PECHAC, Jergus"]
[Result "0-1"]
[WhiteElo "2235"]
[BlackElo "2511"]
[PlyCount "92"]
[EventDate "2015.??.??"]
[WhiteClock "0:26:01"]
[BlackClock "0:37:02"]

1. d4 Nf6 2. c4 g6 3. Nf3 Bg7 4. g3 O-O 5. Bg2 c5 6. O-O cxd4 7. Nxd4 Nc6 8.
Nc3 Ng4 9. e3 d6 10. b3 Nxd4 11. exd4 Nh6 12. Bb2 Nf5 13. Nd5 Bd7 14. Qd2 Bc6
15. Ne3 Bxg2 16. Kxg2 Nxe3+ 17. Qxe3 Rc8 18. Rac1 Qd7 19. Qe2 e6 20. d5 Bxb2
21. Qxb2 e5 22. f4 exf4 23. Rxf4 Rce8 24. Rcf1 Re5 25. Rf6 Qg4 26. R1f2 h5 27.
R6f4 Qg5 28. Qc2 f5 29. c5 Qe7 30. b4 dxc5 31. bxc5 Rxd5 32. Qb3 Qf7 33. Rb4
Rd7 34. Qf3 Rfd8 35. h4 a5 36. Rb5 a4 37. Kh3 Rd5 38. Rfb2 Rd3 39. Qf4 Qd5 40.
Qg5 Qh1+ 41. Rh2 Rxg3+ 42. Qxg3 Qf1+ 43. Rg2 Rd3 44. Rb6 Qh1+ 45. Rh2 Rxg3+ 46.
Kxg3 f4+ 0-1

[Event "Pardubice Open A"]
[Site "?"]
[Date "2015.07.24"]
[Round "1.23"]
[White "KREJCI, Jan"]
[Black "TSAKNAKIS, Zisis"]
[Result "1-0"]
[WhiteElo "2500"]
[BlackElo "2235"]
[PlyCount "77"]
[EventDate "2015.??.??"]
[WhiteClock "0:45:41"]
[BlackClock "0:17:36"]

1. d4 Nf6 2. c4 g6 3. g3 Bg7 4. Bg2 O-O 5. e3 c5 6. d5 d6 7. Nc3 Nbd7 8. Nf3
Nb6 9. Nd2 Ng4 10. h3 Bxc3 11. hxg4 Bxd2+ 12. Bxd2 Nxc4 13. Bc3 f6 14. Rh4 Ne5
15. f4 Nxg4 16. Rxg4 Bxg4 17. Qxg4 f5 18. Qe2 Qd7 19. a4 b6 20. Qb5 Qc7 21. a5
bxa5 22. Kf2 Rab8 23. Qxa5 Qxa5 24. Rxa5 Rb7 25. e4 Rfb8 26. exf5 Rxb2+ 27.
Bxb2 Rxb2+ 28. Kg1 c4 29. fxg6 c3 30. gxh7+ Kxh7 31. Rxa7 c2 32. Be4+ Kh6 33.
Ra1 Kh5 34. Rc1 Kg4 35. Rxc2 Rxc2 36. Bxc2 Kxg3 37. Bf5 Kxf4 38. Be6 Kg3 39.
Kh1 1-0

[Event "Pardubice Open A"]
[Site "?"]
[Date "2015.07.24"]
[Round "1.24"]
[White "PESOTSKYI, Vitalii"]
[Black "RAZNIKOV, Danny"]
[Result "0-1"]
[WhiteElo "2233"]
[BlackElo "2500"]
[PlyCount "75"]
[EventDate "2015.??.??"]
[WhiteClock "0:30:59"]
[BlackClock "0:01:59"]

1. e4 c5 2. Nf3 d6 3. d4 cxd4 4. Nxd4 Nf6 5. Nc3 a6 6. Be2 e5 7. Nb3 Be7 8. O-O
O-O 9. a4 Nc6 10. Bg5 Be6 11. Bxf6 Bxf6 12. Nd5 Rc8 13. Bg4 Bg5 14. c3 g6 15.
Kh1 h5 16. Bf3 Ne7 17. Nxe7+ Qxe7 18. Nc1 Kg7 19. Na2 a5 20. b3 Qd7 21. c4 Bd8
22. Qd2 Bb6 23. Rad1 Rcd8 24. Be2 Qe7 25. Nc3 Bc5 26. Nd5 Bxd5 27. Qxd5 f5 28.
exf5 Rxf5 29. Bd3 Rf4 30. Be4 Bxf2 31. g3 Rf6 32. Qxa5 Rdf8 33. Qd5 R8f7 34.
Qd3 h4 35. gxh4 Rf4 36. Bxg6 e4 37. Qxd6 e3 38. Qd7 0-1

[Event "Pardubice Open A"]
[Site "?"]
[Date "2015.07.24"]
[Round "1.25"]
[White "POETSCH, Hagen"]
[Black "PEKAR, Vaclav"]
[Result "1-0"]
[WhiteElo "2498"]
[BlackElo "2233"]
[PlyCount "59"]
[EventDate "2015.??.??"]
[WhiteClock "0:19:56"]
[BlackClock "0:10:36"]

1. e4 Nc6 2. Nf3 d5 3. exd5 Qxd5 4. Nc3 Qa5 5. Bb5 Nf6 6. Ne5 Bd7 7. Nxd7 Nxd7
8. Qf3 Nd8 9. d4 c6 10. Bc4 e6 11. O-O Be7 12. Qg3 Qb4 13. b3 b5 14. a3 Qd6 15.
Bf4 Qxd4 16. Nxb5 cxb5 17. Bxb5 Qb6 18. Bxd7+ Kxd7 19. Qxg7 Nb7 20. Rad1+ Nd6
21. Bxd6 Bxd6 22. Qxf7+ Kc6 23. Rd3 Rad8 24. Rfd1 Qc5 25. b4 Qe5 26. f4 Qe4 27.
Qxa7 Qc4 28. Qa4+ Kc7 29. Qa5+ Kc6 30. b5+ 1-0

[Event "Pardubice Open A"]
[Site "?"]
[Date "2015.07.24"]
[Round "1.26"]
[White "BORASO, Alessio"]
[Black "KOVALEV, Andrei"]
[Result "1/2-1/2"]
[WhiteElo "2232"]
[BlackElo "2491"]
[PlyCount "82"]
[EventDate "2015.??.??"]
[WhiteClock "0:02:21"]
[BlackClock "0:01:42"]

1. e4 c5 2. Nf3 e6 3. c3 d5 4. exd5 exd5 5. d4 Nf6 6. Bb5+ Bd7 7. Qe2+ Be7 8.
O-O O-O 9. Bg5 Re8 10. Bxd7 Nbxd7 11. Nbd2 Qb6 12. Qd3 Qxb2 13. Rfb1 Qa3 14.
Rxb7 cxd4 15. Nb1 Nc5 16. Qb5 a6 17. Qc6 Qa4 18. Qxa4 Nxa4 19. cxd4 h6 20. Bf4
Ne4 21. Nbd2 Nac3 22. Kf1 Bf6 23. Nb3 a5 24. a4 Re6 25. Be5 Be7 26. Bc7 Bb4 27.
Ne5 Re7 28. Nc6 Rd7 29. Ne5 Nd6 30. Nxd7 Nxb7 31. Ndc5 Nxc5 32. dxc5 d4 33.
Nxd4 Bxc5 34. Nb3 Bb4 35. g3 Nd5 36. Be5 Rc8 37. Rc1 Rxc1+ 38. Nxc1 Nb6 39. Bc7
Nxa4 40. Nb3 Nc3 41. Bxa5 Bxa5 1/2-1/2

[Event "Pardubice Open A"]
[Site "?"]
[Date "2015.07.24"]
[Round "1.27"]
[White "HABA, Petr"]
[Black "PFEFFER, Ruprecht"]
[Result "1-0"]
[WhiteElo "2488"]
[BlackElo "2232"]
[PlyCount "113"]
[EventDate "2015.??.??"]
[WhiteClock "0:04:56"]
[BlackClock "0:06:07"]

1. e4 c5 2. Nf3 e6 3. c3 d5 4. e5 Nc6 5. d4 Qb6 6. a3 c4 7. Nbd2 Na5 8. Be2 f6
9. O-O Bd7 10. Re1 f5 11. Rb1 Rc8 12. h4 Nh6 13. Nf1 Nf7 14. Bf4 Be7 15. Ng5
Nxg5 16. Bxg5 Qd8 17. Qd2 O-O 18. Bd1 Bxg5 19. Qxg5 Qxg5 20. hxg5 Be8 21. f4
Rc6 22. Ne3 Rb6 23. Bc2 Rc6 24. g4 g6 25. Kf2 Rc7 26. Rh1 Nc6 27. Rh6 Ne7 28.
gxf5 exf5 29. b3 b5 30. a4 Kg7 31. axb5 cxb3 32. Rxb3 Bd7 33. Rh1 Rfc8 34. Ra1
Kf7 35. Raa3 Rb8 36. Bd3 Be6 37. Nc2 h6 38. gxh6 Rh8 39. Nb4 Rxh6 40. Na6 Rc8
41. Nc5 Rh2+ 42. Ke1 Rch8 43. Bf1 R8h4 44. Nd3 Nc8 45. Ra6 g5 46. fxg5 Re4+ 47.
Kd1 Rh1 48. g6+ Kxg6 49. Rxe6+ Kg5 50. Rb2 Rxf1+ 51. Kc2 Rf3 52. Re8 Ree3 53.
Rg8+ Kh4 54. Rxc8 Rxd3 55. Ra2 Rf2+ 56. Kxd3 Rxa2 57. e6 1-0